000 00416nam a2200157 a 4500
001 000044600
005 20201002045506.0
008 140721s1988 sp a 000 0 spa d
020 _a8475921655
040 _aDO-SdBNP
_bspa
_cBNPHU
245 0 0 _aTrastornos neurológicos /.
250 _a2a. ed.
260 _aBarcelona :
_bEdiciones Doyma,
_c1988.
300 _a208 p. :
_bil. ;
_c23 cm.
500 _aIncluye índice
999 _c44089
_d44089